000 00811nam a2200253Ia 4500
003 OSt
005 20220926010859.0
006 a|||||r|||| 00| 0
007 ta
008 220923b |||||||| |||| 00| 0 eng d
020 _c
_13.50
037 _b297dt, 29/10/1985, SBD
_cGeneral Book
040 _aRTL
_cRTL
_beng
041 _2eng
_aeng
082 _aX:8:(B2893), M5
100 _aCotter Richard V.
_9313245
245 0 _aModern business decisions
_b plyer, send off manual
260 _aNew Jersey
_bPrentice Hall
_c1985
300 _ax, 86p.
_ccm.
650 _aOrganizational Management
_9244509
700 _a Fritzsche David J.
_9313246
942 _hX:8:(B2893), M5
_cGB
_2CC
999 _c618624
_d618624